00327nam a2200109 a 4500008004100000050001500041100003000056245003300086246006000119260002900179350000900208120416s1970 ||||||||||||||||| || u aDT 353 Afr aMarkovitz, Irving Leonard10aAfrican politics and society abasic issues and problems of government and development aLondonbFree Pressc1970 a0.00